| 000 | 01131nam a2200337 i 4500 | ||
|---|---|---|---|
| 003 | EG-GICUC | ||
| 005 | 20260410135649.0 | ||
| 008 | 260410s1980 nyuaod|fr|||| 001 0 eng d | ||
| 020 | _a015516094X | ||
| 040 |
_aEG-GiCUC _beng _cEG-GiCUC _dEG-GiCUC _erda |
||
| 041 | _aeng | ||
| 082 | 0 | 4 |
_221 _a343.741 _bLE . C |
| 092 | 0 | 4 | _221 |
| 099 | _aLaw1 10 343.741 LE . C 1980 | ||
| 100 | 1 |
_aLevine, James P _eAuthor. |
|
| 245 | 1 | 0 |
_aCriminal justice : _ba public policy approach / _cBy James P. Levine, Michael C. Musheno, Dennis J. Palumbo. |
| 264 | 1 |
_aNew York : _bHarcourt Brace Jovanovich, _c1980. |
|
| 300 |
_a591, 23 pages : _billustrations, _c25 cm. |
||
| 336 |
_2rda content _atext |
||
| 337 |
_2rda media _aComputer |
||
| 338 |
_2rda carrier _aOnline Resource |
||
| 504 | _aIncludes bibliographies and index. | ||
| 546 | _aText in English | ||
| 650 | 1 | _aCriminal Law | |
| 650 | 1 | _aCriminal justice | |
| 700 | 1 |
_aMusheno, Michael C. _eContributor |
|
| 700 | 1 |
_a Palumbo, Dennis J. _d1929-2006 _eContributor |
|
| 856 | 4 | 0 | _uhttps://fll.law.cu.edu.eg/fulltext/bks/B10-08939.pdf |
| 905 | _a43 | ||
| 942 |
_2ddc _n0 _cBK _e21 |
||
| 999 |
_c69946 _d69946 |
||